000 004670000a22001810004500
003 MACL
005 20160128165500.0
008 160128b xxu||||| |||| 00| 0 eng d
040 _aMACL
_cMACL
041 _aEnglish
082 _a920/AIN
100 _aFindly, Ellison Banks
_935097
245 _aNur Jahan
_bEmpree of Mughal India
260 _bOxford University Press
_c2000
_aNew Delhi
350 _a495
650 _aBiography
_935098
942 _cBK
_k920/FIN
_2ddc
999 _c31255
_d31255